000
00213nam a22000857a 4500
008
170619b xxu||||| |||| 00| 0 eng d
100
_9
3507
_a
Bendick. J
245
_a
A long came Galileo
260
_a
New Delhi
_b
S. H
_c
1999
999
_c
6891
_d
6891